Vista normal
Vista MARC
- IX World Congress of the World Federation of the Deaf
Entrada Nombre congreso
Número de registros utilizados en: 1
001 - NÚMERO DE CONTROL
- campo de control: 1850
003 - IDENTIFICADOR DEL NÚMERO DE CONTROL
- campo de control: ES-MaFIAP
005 - FECHA Y HORA DE LA ÚLTIMA TRANSACCIÓN
- campo de control: 20231129133315.0
008 - DATOS DE LONGITUD FIJA
- campo de control de longitud fija: 231129|| aca||aabn | a|a d
040 ## - FUENTE DE LA CATALOGACIÓN
- Centro catalogador/agencia de origen: ES-MaFIAP
111 1# - ENCABEZAMIENTO--NOMBRE DE CONGRESO/REUNIÓN
- Nombre de congreso/reunión o jurisdicción como elemento de entrada: IX World Congress of the World Federation of the Deaf
- Sede del congreso/Lugar de la reunión: Tokyo, Japan
- Fecha del congreso o de la firma del tratado: 2-11 July 1991





